000 00222 a2200097 4500
001 30108
100 _aMoschytz
245 _aLinear integrated networks fundamentals
260 _a
_bVan Nostrand
_c
090 _c20059
_d20059
942 _aNUST-CAE
_cM
_c11180
999 _c265181
_d265181